[Event "Africa-ch rapid"]
[Site "Accra"]
[Date "2024.03.10"]
[Round "2"]
[White "Mahamat, Hachim Bachar"]
[Black "Frempong, Smart Daniel"]
[Result "0-1"]
[WhiteElo "1843"]
[BlackElo "1877"]
[PlyCount "78"]
[EventDate "2024.03.07"]
[EventType "swiss (rapid)"]
[EventRounds "6"]
[EventCountry "GHA"]
[SourceTitle "CB15_2024"]
[SourceDate "2024.04.10"]
[SourceVersion "1"]
[SourceVersionDate "2024.04.10"]
[SourceQuality "1"]

1. e4 Nf6 2. Nc3 d5 3. e5 Nfd7 4. d4 e6 5. Nf3 c5 6. Be3 Nc6 7. Bb5 Qb6 8. Bxc6 bxc6 9. Na4 Qa5+ 10. c3 cxd4 11. Qxd4 Ba6 12. b3 Ba3 13. Qg4 Kf8 14. Bd2 Qc7 15. Qg3 Bb5 16. c4 Bxa4 17. bxa4 Bb2 18. Rb1 Bxe5 19. Nxe5 Qxe5+ 20. Qxe5 Nxe5 21. cxd5 cxd5 22. 0-0 Nc4 23. Bc3 d4 24. Bb4+ Ke8 25. Rfc1 Rc8 26. Be1 e5 27. Rb7 h5 28. Rxc4 Rxc4 29. Rb8+ Ke7 30. Rxh8 Rc1 31. Kf1 d3 32. Rxh5 f6 33. Rh7 d2 34. g3 dxe1Q+ 35. Kg2 Qf1+ 36. Kf3 Qd3+ 37. Kg2 Qxh7 38. h4 Qe4+ 39. Kh3 Rh1# 0-1